000 00882nam a2200241 i 4500
001 185868
003 ES-MaACL
005 20240311174156.0
008 160817s1952 sp |||| | spa d
080 _a94(460.353 Écija)
100 1 _aSancho Corbacho, Antonio.
_9103036
245 1 0 _aÉcija :
_bestudio histórico artístico /
_cpor D. Antonio Sancho Corbacho ; fotografías de J. del Palacio.
260 _a[Madrid] :
_bCultura Hispánica,
_c1952.
300 _aXVIII, 89 p. de lám. ;
_c29 cm.
490 1 _aCuadernos de arte ;
_v4
594 _aJoaquín del Palacio firmó sus trabajos fotográficos con el nombre de Kindel.
651 4 _aEcija-
_xHistoria.
_9151818
651 4 _aÉcija-
_vGuías turísticas.
_9166417
700 0 _aKindel (
_d1905-1989)
_9172693
830 1 _aCuadernos de arte
_v4
_9183754
852 4 _aES-MaACL
_jC-31476
999 _c185868
_d185868